MARC details
| 000 -CABECERA |
| campo de control de longitud fija |
01544cam a2200421 a 4500 |
| 001 - NÚMERO DE CONTROL |
| campo de control |
000002845 |
| 005 - FECHA Y HORA DE LA ÚLTIMA TRANSACCIÓN |
| campo de control |
20241009115416.0 |
| 008 - DATOS DE LONGITUD FIJA--INFORMACIÓN GENERAL |
| campo de control de longitud fija |
951002s1995 ve 001 0 spa |
| 020 ## - NÚMERO INTERNACIONAL ESTÁNDAR DEL LIBRO |
| Número Internacional Estándar del Libro |
980010769X |
| 040 ## - FUENTE DE LA CATALOGACIÓN |
| Centro catalogador/agencia de origen |
DO-SdBNP |
| Centro/agencia transcriptor |
DLC |
| 082 ## - NÚMERO DE LA CLASIFICACIÓN DECIMAL DEWEY |
| Número de clasificación |
801.953 |
| Número de documento/Ítem |
G166czC |
| 245 00 - MENCIÓN DE TÍTULO |
| Título |
Canaima ante la crítica / |
| Mención de responsabilidad, etc. |
Gustavo Luis Carrera ...[et al.] ; selección y prólogo Lyll Barceló Sifontes-Abreu. |
| 260 ## - PUBLICACIÓN, DISTRIBUCIÓN, ETC. |
| Lugar de publicación, distribución, etc. |
Caracas : |
| Nombre del editor, distribuidor, etc. |
Monte Avila Editores Latinoamericana, |
| Fecha de publicación, distribución, etc. |
1995. |
| 300 ## - DESCRIPCIÓN FÍSICA |
| Extensión |
260 p. ; |
| Dimensiones |
20 cm. |
| 440 #0 - MENCIÓN DE SERIE/PUNTO DE ACCESO ADICIONAL--TÍTULO |
| Título |
Ante la crítica |
| 9 (RLIN) |
9003 |
| 504 ## - NOTA DE BIBLIOGRAFÍA, ETC. |
| Nota de bibliografía, etc. |
Incluye referencias bibliográficas y notas al pie de las páginas |
| 650 #4 - PUNTO DE ACCESO ADICIONAL DE MATERIA--TÉRMINO DE MATERIA |
| Término de materia o nombre geográfico como elemento de entrada |
Crítica literaria |
| 9 (RLIN) |
3141 |
| 650 #4 - PUNTO DE ACCESO ADICIONAL DE MATERIA--TÉRMINO DE MATERIA |
| Término de materia o nombre geográfico como elemento de entrada |
Novela |
| Subdivisión general |
Historia y crítica |
| 9 (RLIN) |
9004 |
| 650 #0 - PUNTO DE ACCESO ADICIONAL DE MATERIA--TÉRMINO DE MATERIA |
| Término de materia o nombre geográfico como elemento de entrada |
Literatura |
| 9 (RLIN) |
3439 |
| 600 10 - PUNTO DE ACCESO ADICIONAL DE MATERIA--NOMBRE DE PERSONA |
| Nombre de persona |
GALLEGOS, RÓMULO, |
| Fechas asociadas al nombre |
1884-1969. |
| Subdivisión general |
CRÍTICA E INTERPRETRACIÓN |
| Título de la obra |
CANAIMA |
| 9 (RLIN) |
9005 |
| 700 1# - PUNTO DE ACCESO ADICIONAL--NOMBRE DE PERSONA |
| Nombre de persona |
Carrera, Gustavo Luis |
| 9 (RLIN) |
9006 |
| 700 1# - PUNTO DE ACCESO ADICIONAL--NOMBRE DE PERSONA |
| Nombre de persona |
Lundkvist, Artur |
| 9 (RLIN) |
9007 |
| 700 1# - PUNTO DE ACCESO ADICIONAL--NOMBRE DE PERSONA |
| Nombre de persona |
Damboriena S. J, Angel |
| 9 (RLIN) |
9008 |
| 700 1# - PUNTO DE ACCESO ADICIONAL--NOMBRE DE PERSONA |
| Nombre de persona |
Ross, Waldo |
| 9 (RLIN) |
9009 |
| 700 1# - PUNTO DE ACCESO ADICIONAL--NOMBRE DE PERSONA |
| Nombre de persona |
Araujo, Orlando |
| 9 (RLIN) |
9010 |
| 700 1# - PUNTO DE ACCESO ADICIONAL--NOMBRE DE PERSONA |
| Nombre de persona |
Miliani, Domingo |
| 9 (RLIN) |
5169 |
| 700 1# - PUNTO DE ACCESO ADICIONAL--NOMBRE DE PERSONA |
| Nombre de persona |
Gregorio, Juan |
| 9 (RLIN) |
9011 |
| 700 1# - PUNTO DE ACCESO ADICIONAL--NOMBRE DE PERSONA |
| Nombre de persona |
Sánchez, Rodríguez |
| 9 (RLIN) |
9012 |
| 700 1# - PUNTO DE ACCESO ADICIONAL--NOMBRE DE PERSONA |
| Nombre de persona |
Sanoja Hernández, Je sús |
| 9 (RLIN) |
9013 |
| 700 1# - PUNTO DE ACCESO ADICIONAL--NOMBRE DE PERSONA |
| Nombre de persona |
Octavio Bedoya, Luis |
| 9 (RLIN) |
9014 |
| 700 1# - PUNTO DE ACCESO ADICIONAL--NOMBRE DE PERSONA |
| Nombre de persona |
Mujica, Héctor |
| 9 (RLIN) |
9015 |
| 700 1# - PUNTO DE ACCESO ADICIONAL--NOMBRE DE PERSONA |
| Nombre de persona |
Rodríguez, Manuel Alfredo |
| 9 (RLIN) |
9016 |
| 700 1# - PUNTO DE ACCESO ADICIONAL--NOMBRE DE PERSONA |
| Nombre de persona |
Rojas Guardia, Armando |
| 9 (RLIN) |
9017 |
| 700 1# - PUNTO DE ACCESO ADICIONAL--NOMBRE DE PERSONA |
| Nombre de persona |
Liscano, Juan |
| 9 (RLIN) |
9018 |
| 700 1# - PUNTO DE ACCESO ADICIONAL--NOMBRE DE PERSONA |
| Nombre de persona |
Subero, Efraín |
| 9 (RLIN) |
9019 |
| 700 1# - PUNTO DE ACCESO ADICIONAL--NOMBRE DE PERSONA |
| Nombre de persona |
Barceló Sifontes-Abreu, Lyll ; |
| Término indicativo de función/relación |
pról. |
| 9 (RLIN) |
9020 |
| 910 ## - DATOS DE OPCIÓN DEL USUARIO (OCLC) |
| Datos de opción del usuario |
Catalogación por copia / LC |